| 000 | 01553nam2a2200301 4500 | ||
|---|---|---|---|
| 001 | RU\NLR\bibl\870941 | ||
| 005 | 20260405090608.0 | ||
| 010 |
_a5-8426-0121-4 _91500 |
||
| 021 |
_aRU _b2005-43056 _92125 |
||
| 035 | _a(NLR Aleph) 000859561 | ||
| 090 |
_a1531230 _c1531230 |
||
| 100 | _a20051111d2005 |||y0rusy50 ca | ||
| 101 | 0 | _arus | |
| 102 | _aRU | ||
| 105 | _aa ||||||||| | ||
| 200 | 1 |
_a[Город Ульяновск _eМ - Я _eпамятная книга _fсост.: Ю.А. Пауткин] _gредкол.: С.И. Морозов [и др.] |
|
| 210 |
_d2005 _aБ. м. |
||
| 215 |
_a428,[40] с. _cил., цв. ил., портр. _d30 |
||
| 225 | 1 | _aНазовем поименно | |
| 320 | _aБиблиогр. в тексте | ||
| 461 | 0 |
_1001RU\NLR\bibl\844553 _12001#$aСолдаты победы$vТ. 2 _91374715 _cУльяновск _d2004 _fредкол.: В. А. Шаманов (пред.) [и др.] _nСимбирская книга _oименной список участников Великой Отечественной войны 1941-1945 гг., вернувшихся с победой : Рос. Федерация, Ульян. обл. _tСолдаты победы _vТ. 2 |
|
| 702 | 1 |
_4340 _8rus _7ca _aМорозов _bС. И. _cканд. экон. наук, обществ. деятель _f1959- _gСергей Иванович _3RU\NLR\auth\7732228 _915237 |
|
| 702 | 1 |
_aПаутин _bЮ. А. _4220 |
|
| 801 | 0 |
_aRU _bNLR _c20051111 _grcr |
|
| 801 | 1 |
_aRU _bNLR _c20051111 |
|
| 942 | _cBOOK | ||
| 980 | _aNB | ||